000 00751nam a2200277Ia 4500
001 dia_4059
003 CHAP
005 20230130112651.0
007 ta
008 220117s1985 mx f 000 0 spa d
010 _a174664
040 _cCHAP
_amxchpua
090 _aFOLLETO 2383
100 1 _aSifuentes A., J. Antonio
_9155625
245 1 0 _aPlagas del maíz en México /
_cJ. Antonio Sifuentes A.
260 _aMéxico :
_bINIA,
_c1985
300 _a49 páginas
440 _942067
_aFolleto técnico
_n85
500 _aS/c
650 1 3 _aMaíz
_xPlagas
_9155629
_zMéxico
710 0 _958414
_aINIA
901 _aFOLLETO 2383
902 _aM
905 _a0000001985 mx 0000000000spa00
942 _cFOLL
_2local
999 _c174664
_d174664